| 000 | 01938nam0a22003971 4500 | ||
|---|---|---|---|
| 001 | v19\rc\1576250 | ||
| 005 | 20260406021305.0 | ||
| 035 | _a(NLR Aleph) 004704123 | ||
| 090 |
_a4108853 _c4108853 |
||
| 100 | _a20061002e18931893|||y0rusy50 ca | ||
| 101 | 1 |
_arus _cger |
|
| 102 | _aRU | ||
| 105 | _ay j ||||| | ||
| 200 | 1 |
_aЛекции по болезням первого детского возраста _e"Vorlesungen über Kinderankheiten im Alter der Zahnung von Dr. Max Kazzowitz. 1892" _fД-р Макс Кассович, проф. дет. болезней Вен. ун-та _gПер. с нем. д-ров А.Р. Ильиша и С.Л. Раппопорта |
|
| 210 |
_aСанкт-Петербург _cжурн. "Практ. медицина" _d1893 |
||
| 215 |
_a240 с. _d24 |
||
| 300 | _aНа обл. дата: 1894 | ||
| 311 | _aОтт. из журн. "Практич. медицина". 1893. № 5-9 | ||
| 320 | _aБиблиогр. в примеч. | ||
| 454 | 0 |
_12001#$aVorlesungen über Kinderankheiten im Alter der Zahnung von Dr. Max Kazzowitz _1210##$d1892 _1700#1$aKazzowitz$bM.$gMax _tVorlesungen über Kinderankheiten im Alter der Zahnung von Dr. Max Kazzowitz _aKazzowitz, Max |
|
| 488 | 0 |
_12001#$aПрактическая медицина$v1893, № 5-9 _tПрактическая медицина |
|
| 700 | 1 |
_aКассович _bМ. _gМакс |
|
| 702 | 1 |
_aИльиш _bА.Р. _f1870- _gАлександр Робертович _4730 |
|
| 702 | 1 |
_4730 _7ca _8rus _aРаппопорт _bС. Л. _cврач _f1863- _gСемен Львович _9105717 _3RU\NLR\AUTH\77122792 |
|
| 801 | 0 |
_aRU _bNLR _gpsbo |
|
| 801 | 0 |
_aRU _bRuMoRGB _2psbo |
|
| 801 | 1 |
_aRU _bProSoft-M _2rusmarc |
|
| 801 | 2 |
_aRU _bNLR _c20130426 _2rusmarc |
|
| 852 |
_aNLR _j18.179.4.7 |
||
| 852 |
_aNLR _j133/547 |
||
| 899 |
_aRuMoRGB _jA 206/1455 |
||
| 899 |
_aRuMoRGB _jS 51/425 |
||
| 899 |
_aRuMoRGB _jU 427/24 |
||
| 899 | _aБАН | ||
| 942 | _cBOOK | ||
| 980 | _aNB | ||